01098nam a22002417a 4500999001700000005001700017010003700034020002600071035003400097037001300131037002100144082000600165100002600171245008300197260003600280270006400316300002300380700002600403942002000429952013500449952015700584952011500741 c56753d5675320230710122517.0 aENG-103732 B-460876 ENG-137334 a9789380658421c275.00 aEN-87265 B-460876 EN-120866 bDBAD/PUB bVirtuous Pub/Ven aN aBhattacharya, Nabarun aHarbart /cby Nabarun Bhattacharya ; translated from Bengali by Arunava Sinha aChennaibTranquebar Pressc2011 aVenkat Towers, 165, P.H. Road, MaduravoyalbChennaie600095 a147p. c20cm (pbk) 934731aSinha, Arunava 2ddccENmBHAhN 00102ddc40718FICaDBADbDBADd2011-09-21eDBAD/PUBg195.00l0oN BHApEN-87265r2011-09-21 00:00:00t1v195.00w2011-09-21yEN 001540708FICaLbLd2012-06-14eVirtuous Pub/936/04.02.2012/28/18.01.2012/10.02.2012g195.00l0oN BHApB-460876r2012-06-14 00:00:00t1 v195.00yEN 001040708FICaNRbNRd2023-07-10eDBAD/PUBg275.00l0oN BHApEN-120866r2023-07-10 00:00:00t1v275.00yEN